La Formazione dell'avvocato in Europa atti del convegno promosso dal Consiglio nazionale forense e dalla Scuola superiore dell'avvocatura con l'alto patronato del Presidente della repubblica /

Detalles Bibliográficos
Autor principal: Alpa, Guido
Autores Corporativos: Consiglio Nazionale Forense (Italia), Scuola superiore dell'avvocatura (Italia), Universit ̀di Pisa
Otros Autores: Mariani Marini, Alarico
Formato: Desconocido
Lenguaje:italiano
Publicado: Pisa : Edizioni Plus : Universit ̀di Pisa, 2008
Materias:
Acceso en línea:Acceso restringido

MARC

LEADER 00000ny a22000003n 4500
005 20110621132111.0
008 090627s2009 it d 100 0 ita c
020 |a 9788884925978 
035 |a 4763 
040 |a 347.6  |d vLex 
041 |a findanfregreenglatnorspatur 
090 |c 949  |d 949 
100 1 |a Alpa, Guido 
245 1 3 |a La Formazione dell'avvocato in Europa  |h [Recurso electrn̤ico]  |b atti del convegno promosso dal Consiglio nazionale forense e dalla Scuola superiore dell'avvocatura con l'alto patronato del Presidente della repubblica /  |c a cura di Guido Alpa e Alarico Mariani Marini 
256 |a Servicio en ln̕ea 
260 |a Pisa :  |b Edizioni Plus :  |b Universit ̀di Pisa,  |c 2008 
300 |a 175 p. :  |b tab. ;  |c cm 
504 |a Referencias bibliogrf̀icas 
506 1 |a Contenido solo disponible en los productos indicados  |d vLex Global  |d vLex Global (Academic Edition, excluding Law Schools)  |d vLex Global (U.S. Academic Edition, Law Schools)  |d vLex Global (U.S. Academic Edition, excluding Law Schools)  |d vLex Global (Academic Edition, Law Schools) 
546 |a Textos en finlandš, danš, francš, griego, inglš, latn̕, noruego, castellano y turco 
650 0 4 |a Abogados  |x Formacin̤ 
700 1 |a Mariani Marini, Alarico 
710 2 |a Consiglio Nazionale Forense (Italia) 
710 2 |a Scuola superiore dell'avvocatura (Italia) 
710 2 |a Universit ̀di Pisa 
740 0 |a vLex Libros (Servicios en ln̕ea) 
856 4 0 |u http://vlex.com/source/4763  |z Acceso restringido 
942 |c BOOK 
999 0 4 |a Advocats 
999 0 4 |a Formaci̤ 
999 0 4 |a Itl̉ia